| 000 | 00394nam a2200145Ia 4500 | ||
|---|---|---|---|
| 008 | 100415s9999 xx 000 0 und d | ||
| 082 |
_b13988 _a614.7 |
||
| 100 | _aSrivastava Yogendra N | ||
| 245 | _aEnvironmental Pollution | ||
| 260 |
_aNEW DELHI _c1995 _bASHISH PUBLISHING HOUSE |
||
| 365 | _b0 | ||
| 630 | _aEnvironmental Pollution | ||
| 730 | _aEnvironmental Pollution | ||
| 942 | _cBOOK | ||
| 999 |
_c596902 _d596899 |
||